000 00415nam a22001577a 4500
003 OSt
005 20211203112137.0
008 211203b |||||||| |||| 00| 0 eng d
020 _a978-1-68094-541-6
040 _cHAWASSA UNIVERSITY
050 _a572.46/PHO
_b5
082 _a572.46/PHO
_b5
245 _aPHOTOSYNTHESIS:PHYSIOLOGY AND METABOLISM
260 _aNEW YORK
_bARCLER PRESS
_c2017
942 _2ddc
_cBOOKS
_n0
999 _c21358
_d21358